000 00716nam a2200241 i 4500
001 6921
003 ES-MaACL
005 20230906145125.0
007 t|
008 900712s1988 sp ||||1| spa d
020 _a84-345-8402-6
080 _a523.12
080 _a215
100 1 _aDavies, Paul.
_942919
245 1 0 _aDios y la nueva fisica /
_cPaul Davies.
260 _aBarcelona :
_bSalvat,
_cD.L. 1988.
300 _aVI, 271 p. :
_bil. ;
_c19 cm.
490 1 _aBiblioteca científica Salvat ;
_v36
650 4 _aReligión y ciencia-
_vObras de divulgación.
_916808
830 0 _aBiblioteca científica Salvat ;
_v36
_9177703
852 _aES-MaACL
_jL-14122
_bR.117712
_z. - rust.
999 _c6921
_d6921